000 00469nam a2200181Ia 4500
001 23706
005 20260414150955.0
008 260414t2014||||xx |||||||||||||| ||spa||
041 _aESP
082 _a692.5
_bM28
100 _aMattos, Aldo D.
_eAUT
245 0 _aMétodos de planificación y control de obras :
_bdel diagrama de barras al BIM
260 _c2014
300 _a311 páginas :
_c24 cm.
650 _a0
654 _aCIC
942 _cLIB
_dJUS
_fJUS
_2ddc
_n
999 _c23706
_d23706